ஏற்றுமதி முடிவுற்றது — 

Blumenberg : Roman /

Saved in:
நூற்பட்டியல் விவரங்கள்
தலைமை எழுத்தாளர்: Lewitscharoff, Sibylle, 1954-
வடிவம்: புத்தகம்
மொழி:German
வெளியீடப்பட்டது: Berlin : Suhrkamp, 2011.
பதிப்பு:1. Aufl.
குறியீடுகள்: குறிச்சொல் இணை
குறியீடுகள் இல்லை, இந்த குறிச்சொல்லை முதலில் பதிவு செய்யுங்கள்!
LEADER 00591nam a2200217Ia 4500
001 012929331-8
005 20111223231544.0
008 111117s2011 gw 000 f ger d
020 |a 9783518422441 (hd.bd.) 
035 0 |a ocn757686229 
035 |a (MARCnow)har110179403 
040 |a NyNyMAR  |c NyNyMAR 
090 |a PT2672.E895  |b B58 2011 
100 1 |a Lewitscharoff, Sibylle,  |d 1954- 
245 1 0 |a Blumenberg :  |b Roman /  |c Sibylle Lewitscharoff. 
250 |a 1. Aufl. 
260 |a Berlin :  |b Suhrkamp,  |c 2011. 
300 |a 216 p. ;  |c 21 cm. 
899 |a 415_565726 
988 |a 20111007 
906 |0 VEN